00602cam a22002051 45000010005000000030008000050050017000130080039000300350018000690350018000870400023001050410008001280820025001361000040001612450080002012600039002813000019003205260022003396100035003613671BD-RjUL20211208233752.0 s1961 enk 001 0 eng a(BD-RjUL)3705 a(OCoLC)342485 aDLCcOAUdDLCbeng aeng a341.63216bANC 19611 aAnand, R. P.q(Ram Prakash),d1933-10aCompulsory jurisdiction of the International Court of Justice /cR. P Anand aLondon :bAsia Pub. House,c c1961 a342 p.c23 cm. bPolitical Science20aInternational Court of Justice